00271nam a2200121Ia 45000030006000000080041000060400015000471000024000622450025000862600009001115460012001200050017001320STCL150530s9999 xx 000 0 und d aSTCLcSTCL aTurgenev; Pyman; Tr aFathers and children c1921 aEnglish20220125171046.0